Ultimate Bluey Quiz - Statistics

General Stats
  • This quiz has been taken 409 times
    310 since last reset
  • The average score is 12 of 19
Answer Stats
Hint Answer % Correct
Who is Bluey's Mom? Chilli
97%
In the Episode 'Hospital', How Many Times Does BanditGet a Shot? 5
88%
Name One of Bluey's Neighbors Judo/Lucky
88%
Who is Bluey's Tantrum-Throwing Cousin? Muffin
71%
What is Bingo's Granny Name? Rita
71%
How Many Seasons of Bluey are There? 3
69%
What Kind of Dog is Bluey? Blue Heeler
68%
What is Bluey's Granny Name? Janet
68%
Which One of Bluey's Friends is a Poodle? Coco
67%
Which One of Bluey's Friends is a Bulldog? Winton
66%
Who said "Pomeranians Are Small But Hardy Breeds"? Pom-Pom
63%
How many Episodes are the Grannies in? 5
61%
What is Bingo's Favorite Stuffed Animal? Floppy/Greydancer/ Kim Jim
57%
Who is Lucky's Little Brother? Chucky
54%
What is the First Episode of Bluey Called? MagicXylophone
51%
What is Bluey's Moms Job? AirportSecurity
47%
Who is Winnie's Dad? Fido
42%
What is Bluey's Dads Job? Archeologist
37%
What Object is in Every Episode of Bluey? Tennis Ball
23%
No matching quizzes found
Score Distribution
Percent of People with Each Score
Percentile by Number Answered
Your Score History
You have not taken this quiz since the last reset